LEADER 01802nas 2200553-a 450 001 996321671003316 005 20221031030632.0 011 $a1172-6156 035 $a(OCoLC)318977912 035 $a(CKB)2480000000005340 035 $a(CONSER)--2010243296 035 $a(DE-599)ZDB2572943-3 035 $a(EXLCZ)992480000000005340 100 $a20090422a20099999 oy 101 0 $aeng 181 $ctxt$2rdacontent 182 $cn$2rdamedia 200 00$aJournal of primary health care 210 $aWellington, N.Z $cRoyal New Zealand College of General Practitioners$d2009- 210 31$aClayton, Victoria, Australia :$cCSIRO Publishing$d2016- 300 $aRefereed/Peer-reviewed 311 $a1172-6164 531 $aJ PRIM HEALTH CARE 531 0 $aJ. prim. health care 606 $aPrimary care (Medicine)$vPeriodicals 606 $aPrimary care (Medicine)$zNew Zealand$vPeriodicals 606 $aFamily medicine$vPeriodicals 606 $aFamily medicine$zNew Zealand$vPeriodicals 606 $aPrimary Health Care 606 $aFamily Practice 606 $aFamily medicine$2fast$3(OCoLC)fst00920401 606 $aPrimary care (Medicine)$2fast$3(OCoLC)fst01076319 607 $aNew Zealand$2fast 608 $aPeriodicals. 608 $aPeriodicals.$2fast 615 0$aPrimary care (Medicine) 615 0$aPrimary care (Medicine) 615 0$aFamily medicine 615 0$aFamily medicine 615 12$aPrimary Health Care. 615 22$aFamily Practice. 615 7$aFamily medicine. 615 7$aPrimary care (Medicine) 676 $a616.005 712 02$aRoyal New Zealand College of General Practitioners. 906 $aJOURNAL 912 $a996321671003316 996 $aJournal of primary health care$92002010 997 $aUNISA LEADER 01274nas 2200397-a 450 001 9910229176103321 005 20240413030810.0 035 $a(CKB)991042742918334 035 $a(CONSER)sn-78004540- 035 $a(EXLCZ)99991042742918334 100 $a20751019b19701980 --- a 101 0 $aeng 181 $ctxt$2rdacontent 182 $cc$2rdamedia 183 $acr$2rdacarrier 200 00$aCaveat emptor 210 $aOrange, N.J. $cConsumer Education Research Group$d-1980 215 $a1 online resource 300 $a"Consumer protection-environmental monthly." 300 $aEditor: R.L. Berko. 311 08$aPrint version: Caveat emptor (1970) 0045-6004 (DLC)sn 78004540 (OCoLC)1713543 531 0 $aCaveat emptor 606 $aConsumer protection$zUnited States$vPeriodicals 606 $aConsumer protection$2fast$3(OCoLC)fst00876358 607 $aUnited States$2fast 608 $aPeriodicals.$2fast 615 0$aConsumer protection 615 7$aConsumer protection. 676 $a381.3 701 $aBerko$b Robert L$0918189 712 02$aConsumer Education Research Group (West Orange, N.J.) 906 $aJOURNAL 912 $a9910229176103321 920 $aexl_impl conversion 996 $aCaveat emptor$92058761 997 $aUNINA